Loading...
| Religion | 0 | 3 | 0 | 0 | 30 | 74 | 95.00 | 1 | 3 |
| Science - Other Science | 0 | 2 | 0 | 0 | 20 | 114 | 117.50 | 0 | 0 |
| Social Science | 0 | 2 | 0 | 0 | 20 | 105 | 113.00 | 0 | 0 |
| Literature - British Literature | 0 | 1 | 0 | 0 | 10 | 81 | 81.00 | 0 | 0 |
| Pop Culture | 0 | 1 | 0 | 0 | 10 | 118 | 118.00 | 0 | 0 |
| History - American History | 0 | 1 | 0 | 1 | 10 | 117 | 117.00 | 0 | 0 |
| History - Other History | 0 | 1 | 0 | 1 | 10 | 129 | 129.00 | 0 | 0 |
| History - World History | 0 | 1 | 0 | 1 | 10 | 140 | 140.00 | 0 | 0 |
| Other Academic | 0 | 0 | 0 | 0 | 0 | 0.00 | 0 | 0 | |
| Science - Biology | 0 | 0 | 0 | 0 | 0 | 0.00 | 0 | 0 | |
| Mythology | 0 | 0 | 0 | 0 | 0 | 0.00 | 0 | 0 | |
| Science - Physics | 0 | 0 | 0 | 0 | 0 | 0.00 | 0 | 0 | |
| Literature - World Literature | 0 | 0 | 0 | 0 | 0 | 0.00 | 0 | 0 |